000 01003nam a22002417a 4500
005 20240530110439.0
008 150418s2011 ua g b 000 0 ara d
017 _a2011/104132
_bمصر . دار الكتب المصرية
020 _a9789774276875
040 _aEG-CaGPL
082 0 4 _221
_a371.358\
_bم ت
100 0 _aمحمد محمد الهادى
245 1 2 _aالتعلم الالكترونى المعاصر :
_bابعاد تصميم وتطوير برمجياته الالكترونية /
_cمحمد محمد الهادى .
250 _aط1.
260 _aالقاهرة :
_bالدار المصرية اللبنانية ،
_c2011.
300 _a327 ص ؛
_c24 سم .
504 _aيشتمل على ارجاعات ببليوجرافية
650 0 4 _aالتعليم الالكترونى.
650 0 4 _aالتعليم الالكترونى
_xالجودة الشاملة.
650 0 4 _aالتعليم
_xبرامج.
942 _2ddc
_cBK
999 _c61011
_d61011